Responses for Show #2767 - Tuesday, September 17, 1996

Lucien Schmit game 3.

Contestants

[<< previous game]

Pete Butch, a patent attorney from Glen Gardner, New Jersey

Gene Cox, an Air Force officer from Ramstein Air Force Base, Germany

Lucien Schmit, a lawyer from Sherman Oaks, California (whose 2-day cash winnings total $18,281)

Jeopardy! Round responses

MINNESOTANS
RODENTS
FILMS OF THE '80s
EXPLORERS
GOLF
"PAR" FOR THE COURSE
    $100 1
Sears

Gene
    $100 11
coats/fur

Gene
    $100 12
Born on the Fourth of July

Lucien
    $100 6
Pygmies

Gene
    $100 26
driver

Lucien
    $100 18
parties

Lucien
    $200 2
the Mayo Brothers

Lucien
    $200 17
beavers

Lucien
    $200 13
Dead Poets Society

Triple Stumper
    $200 7
the Titanic

Gene
    $200 27
the sweet spot

Gene
    $200 19
parsley

Pete
    $300 3
Bob Dylan

Lucien
    $300 23
chipmunk

Lucien
    $300 14
Roxanne

Lucien
    $300 8
Haile Selassie

Lucien
    $300 28
Australia

Gene
    $300 20
the Parthenon

Lucien
    $500 4
Walter "Fritz" Mondale

Lucien
    $400 24
(Gene: What is a rat?)

lemming

LucienGene
    $400 15
A Fish Called Wanda

Lucien
    $400 9
(Gene: Who is Roosevelt?)
(Alex: Which one?)

Theodore Roosevelt

Gene
    $400 29
The Masters

Pete
    $400 21
Parsi

Triple Stumper
    $500 5
Jane Russell

Pete
    $500 25
capybara

Triple Stumper
    $500 16
The Accused

Gene
    $500 10
Machu Picchu

Pete
    $500 30
(Gene: Who was Stevie Ballatseros?)

Seve Ballesteros

Gene
Triple Stumper
    $500 22
parsimonious

Lucien

Scores at the first commercial break (after clue 13):

Lucien Gene Pete
$1,400 $900 $1,000

Scores at the end of the Jeopardy! Round:

Lucien Gene Pete
$4,000 $1,000 $1,600

Double Jeopardy! Round responses

NARRATORS
WORLD GEOGRAPHY
BLACK AMERICANS
MYTHOLOGY
BRITISH ROYALTY
CORPORATE SYMBOLS
    $200 21
Dr. Watson

Pete
    $200 1
Sahara

Gene
    $200 26
Atlanta

Pete
    $200 6
Janus

Gene
    $200 15
Westminster Abbey

Gene
    $200 10
Volkswagen

Pete
    $400 22
Ishmael

Lucien
    $400 2
Aegean

Gene
    $400 28
Colin Powell

Gene
    $400 7
the Argonauts

Pete
    $400 17
Henry VIII

Lucien
    $400 11
The Jolly Green Giant

Pete
    $600 23
A Clockwork Orange

Pete
    $600 3
the Galapagos Islands

Lucien
    $600 27
Magic Johnson & Michael Jordan

Lucien
    $600 8
Sagittarius

Triple Stumper
    $600 18
William & Mary

Pete
    $600 12
neckerchief

Triple Stumper
    $800 24
(Alex: And we have a minute to go, Pete.)

The Sound and the Fury

Triple Stumper
    $800 4
Paraguay River

Pete
    $800 30
Clarence Thomas

Gene
    $800 9
Circe

Triple Stumper
    $800 19
(Pete: What is Austria?)

Gemany

GenePete
    $800 13
red cross

Pete
    $1000 25
(Gene: Who is Penn?)

Robert Penn Warren

LucienGene
    $1000 5
Port of Spain

Triple Stumper
    $1000 29
August Wilson

Lucien
    $1000 16
the Hesperides

Triple Stumper
    $2,500 20
(Gene: Who was George IV?)

Richard III

Gene
    $1,200 14
(Pete: Who was Uncle Ben?)

Sir Thomas Lipton

Pete

Scores at the end of the Double Jeopardy! Round:

Lucien Gene Pete
$8,000 $500 $3,800
(lock game)

[wagering suggestions for these scores]

Final Jeopardy! Round responses

PHOTOGRAPHERS
GeneWho was Brady?
$500
PeteWho was Brady?
$3,300
LucienWho was
$299
Mathew Brady

Final scores:

Lucien Gene Pete
$7,701 $1,000 $7,100
3-day champion: $25,982 3rd place: Samsung electronics 2nd place: Trip to a Radisson hotel

Game dynamics:

Coryat scores:

Lucien Gene Pete
$7,900 $3,000 $5,000
20 R
(including 1 DD),
0 W
15 R,
4 W
(including 1 DD)
13 R,
2 W
(including 1 DD)

Combined Coryat: $15,900

[game clues] [game scores] [suggest correction]

Game tape date: 1996-08-12
The J! Archive is created by fans, for fans. Scraping, republication, monetization, and malicious use prohibited; this site may use cookies and collect identifying information. See terms. The Jeopardy! game show and all elements thereof, including but not limited to copyright and trademark thereto, are the property of Jeopardy Productions, Inc. and are protected under law. This website is not affiliated with, sponsored by, or operated by Jeopardy Productions, Inc. Join the discussion at JBoard.tv.